[Event "Berdsk op"]
[Site "Berdsk"]
[Date "2010.01.04"]
[Round "3"]
[White "Khaustov, Vladimir"]
[Black "Khlichkova, Tatiana"]
[Result "1-0"]
[WhiteElo "2219"]
[BlackElo "2064"]
[PlyCount "91"]
[EventDate "2010.01.02"]
[EventType "swiss"]
[EventRounds "9"]
[EventCountry "RUS"]
[SourceTitle "CBM 134 Extra"]
[Source "ChessBase"]
[SourceDate "2010.03.03"]
[SourceVersion "1"]
[SourceVersionDate "2010.03.03"]
[SourceQuality "1"]

1. Nf3 g6 2. g3 Bg7 3. d4 f5 4. Bg2 Nf6 5. 0-0 c6 6. c4 d6 7. Nc3 0-0 8. Qc2 Qc7 9. e4 e5 10. dxe5 dxe5 11. exf5 Bxf5 12. Qb3 Na6 13. h3 Nc5 14. Qa3 Nfd7 15. Be3 b6 16. Rfd1 a5 17. Ng5 Rfe8 18. g4 Bd3 19. Na4 Nxa4 20. Qxa4 e4 21. Rxd3 exd3 22. Bxc6 Nf6 23. Bxa8 Rxa8 24. Qb3 a4 25. Qxd3 Qc6 26. Bf4 Re8 27. Rd1 Qc8 28. Nf3 Qc5 29. Bd6 Qa5 30. Bf4 Qc5 31. Be3 Qc8 32. Qd4 Kh8 33. Qf4 Re4 34. Qd6 Qxc4 35. Ne5 Qg8 36. Qc7 h6 37. Rd8 Ne8 38. Nxg6+ Kh7 39. Qc2 Qc4 40. Qxc4 Rxc4 41. Rxe8 Kxg6 42. Re6+ Kh7 43. Rxb6 Rc2 44. Rb4 a3 45. bxa3 Rxa2 46. a4 1-0

[Event "Berdsk Maestro op 13th"]
[Site "Berdsk"]
[Date "2007.07.13"]
[Round "6"]
[White "Baboyan, Eduard"]
[Black "Khaustov, Vladimir"]
[Result "1/2-1/2"]
[WhiteElo "1957"]
[BlackElo "2229"]
[PlyCount "110"]
[EventDate "2007.07.08"]
[EventType "swiss"]
[EventRounds "9"]
[EventCountry "RUS"]
[SourceTitle "EXT 2022"]
[Source "ChessBase"]
[SourceDate "2021.10.06"]
[SourceVersion "1"]
[SourceVersionDate "2021.10.06"]
[SourceQuality "1"]

1. d4 Nf6 2. c4 c5 3. e3 g6 4. Nf3 Bg7 5. Be2 0-0 6. Nc3 cxd4 7. exd4 d5 8. 0-0 Nc6 9. h3 Bf5 10. Be3 Rc8 11. c5 Ne4 12. Na4 f6 13. Nc3 Be6 14. Ne1 Nxc3 15. bxc3 Bf7 16. f4 b6 17. Nd3 Na5 18. Rc1 Nc4 19. Bf2 Qc7 20. Qe1 Rce8 21. Bg3 Ne3 22. Rf3 Nf5 23. Bh2 bxc5 24. Nxc5 e5 25. fxe5 fxe5 26. Qf2 Qc6 27. dxe5 Bxe5 28. Bxe5 Rxe5 29. a4 Rxe2 30. Qxe2 Qxc5+ 31. Qf2 Qxf2+ 32. Kxf2 Rc8 33. g4 Nd6 34. Kf1 Ne4 35. Rd3 Rc4 36. Rd4 Rxc3 37. Rxc3 Nxc3 38. Rb4 a5 39. Rb7 Nxa4 40. Ra7 Nb2 41. Rxa5 d4 42. Kf2 Bc4 43. g5 h6 44. gxh6 Kh7 45. Ra8 Nd3+ 46. Kg3 Ne5 47. h4 d3 48. Rd8 Nc6 49. Rd6 Na5 50. Kg4 Nb3 51. h5 d2 52. hxg6+ Kxh6 53. Kf3 Be6 54. Ke3 Bg4 55. Rxd2 Nxd2 1/2-1/2

[Event "Berdsk Maestro op 13th"]
[Site "Berdsk"]
[Date "2007.07.12"]
[Round "5.16"]
[White "Khaustov, Vladimir"]
[Black "Stavskaya, Olga"]
[Result "0-1"]
[WhiteElo "2229"]
[BlackElo "1985"]
[PlyCount "57"]
[EventDate "2007.07.08"]
[EventType "swiss"]
[EventRounds "9"]
[EventCountry "RUS"]
[SourceTitle "EXT 2022"]
[Source "ChessBase"]
[SourceDate "2021.10.06"]
[SourceVersion "1"]
[SourceVersionDate "2021.10.06"]
[SourceQuality "1"]

1. Nf3 c5 2. c4 Nc6 3. g3 g6 4. Bg2 Bg7 5. 0-0 d6 6. Nc3 Nf6 7. a3 0-0 8. Rb1 a5 9. d3 h6 10. h3 Bd7 11. Be3 Rb8 12. Qc1 Kh7 13. Rd1 Ne8 14. d4 cxd4 15. Nxd4 Nc7 16. b4 axb4 17. axb4 Ne5 18. Ne4 Qc8 19. Kh2 f5 20. Nd2 Na6 21. b5 Nc5 22. Qc2 Kh8 23. Rdc1 Nf7 24. N4b3 b6 25. Bd4 e5 26. Bb2 Ng5 27. Nxc5 dxc5 28. f4 exf4 29. Bf1 0-1

[Event "Sibiria Region-ch"]
[Site "Russia"]
[Date "2007.03.25"]
[Round "8"]
[White "Khaustov, Vladimir"]
[Black "Krivonos, Nikolay"]
[Result "0-1"]
[WhiteElo "2252"]
[BlackElo "2273"]
[PlyCount "115"]
[EventDate "2007.03.18"]
[EventType "swiss"]
[EventRounds "9"]
[EventCountry "RUS"]
[SourceTitle "EXT 2008"]
[Source "ChessBase"]
[SourceDate "2007.11.25"]
[SourceVersion "1"]
[SourceVersionDate "2007.11.25"]
[SourceQuality "1"]

1. Nf3 f5 2. g3 d6 3. d4 Nf6 4. Bg2 g6 5. 0-0 Bg7 6. c4 0-0 7. Nc3 Qe8 8. Re1 Qf7 9. Qb3 Ne4 10. Bf4 Nc6 11. d5 Na5 12. Qb4 Nxc3 13. Ng5 Qe8 14. Qxa5 b6 15. Qa3 Na4 16. Rab1 a5 17. Ne6 Bxe6 18. dxe6 Rc8 19. e4 fxe4 20. Bxe4 Nc5 21. Bg2 Qa4 22. Qxa4 Nxa4 23. Bg5 Bf6 24. Bxf6 Rxf6 25. a3 Nc5 26. b4 axb4 27. axb4 Nd3 28. Re3 Ne5 29. Rc3 c5 30. b5 g5 31. Ra1 Kf8 32. Bd5 g4 33. Kg2 Ng6 34. Rca3 Kg7 35. Ra7 Rb8 36. Rd7 Rff8 37. Ra3 Rfe8 38. Rc7 Ne5 39. h3 h5 40. hxg4 hxg4 41. Raa7 Kf6 42. Kf1 Nf3 43. Ra3 Ng5 44. Re3 Rg8 45. Kg2 Rg7 46. Rc6 Rh7 47. Kf1 Rh2 48. Kg1 Rh6 49. Kg2 Rbh8 50. Kf1 Rb8 51. Rc7 Rh5 52. Ra7 Rh2 53. Ra6 Nh3 54. Bg2 Ng5 55. Bd5 Rh7 56. Kg2 Rg7 57. Kf1 Kf5 58. Ra7 0-1

[Event "Sibiria Region-ch"]
[Site "Russia"]
[Date "2007.03.23"]
[Round "6"]
[White "Khaustov, Vladimir"]
[Black "Kuzmin, Ilya"]
[Result "1/2-1/2"]
[WhiteElo "2252"]
[BlackElo "2198"]
[PlyCount "156"]
[EventDate "2007.03.18"]
[EventType "swiss"]
[EventRounds "9"]
[EventCountry "RUS"]
[SourceTitle "EXT 2008"]
[Source "ChessBase"]
[SourceDate "2007.11.25"]
[SourceVersion "1"]
[SourceVersionDate "2007.11.25"]
[SourceQuality "1"]

1. c4 Nf6 2. Nf3 e6 3. g3 d5 4. Bg2 Be7 5. 0-0 0-0 6. b3 a5 7. Nc3 Nbd7 8. d4 b6 9. Bb2 Bb7 10. Nd2 c5 11. dxc5 bxc5 12. cxd5 exd5 13. Qc2 Qb8 14. Rac1 Re8 15. Qf5 g6 16. Qb1 Bf8 17. Rfe1 Bh6 18. Rcd1 Ra6 19. Na4 Rae6 20. e3 Bc6 21. Bh3 Rd6 22. Bxf6 Rxf6 23. Bxd7 Bxd7 24. Nxc5 Bg4 25. Rc1 Qb4 26. Qb2 Bg7 27. Qd4 h5 28. Qxd5 Rf5 29. Qc6 Ree5 30. Nce4 h4 31. Rc4 Qa3 32. Nd6 hxg3 33. hxg3 Qxa2 34. Rc2 Qa3 35. Nxf5 Bxf5 36. Rc4 Be6 37. Ra4 Qb2 38. Qc1 Rb5 39. Qxb2 Bxb2 40. Rb1 Bc3 41. Nc4 Bd5 42. Rc1 Bf3 43. Nd6 Rd5 44. Rf4 Rd1+ 45. Rxd1 Bxd1 46. Rxf7 Bxb3 47. Ra7 a4 48. Ne4 Bb4 49. Rb7 Ba3 50. f3 Kf8 51. Kf2 Be7 52. Rxb3 axb3 53. Ke2 b2 54. Nc3 Bb4 55. Nb1 Kf7 56. Kd3 Kf6 57. Kc2 Be1 58. g4 Kg5 59. Kxb2 Bf2 60. Nc3 Bxe3 61. Ne2 Kh4 62. Kc2 Kh3 63. Kd3 Bf2 64. Ke4 g5 65. Nc1 Be1 66. Nd3 Bd2 67. Ne5 Kg3 68. Nf7 Bc1 69. Nd6 Kf2 70. Nf5 Bd2 71. Ng7 Bc1 72. Ne6 Kg3 73. Nd4 Bd2 74. Nf5+ Kf2 75. Ng7 Kg3 76. Nh5+ Kf2 77. f4 gxf4 78. Nxf4 Kg3 1/2-1/2

[Event "Sibiria Region-ch"]
[Site "Russia"]
[Date "2007.03.20"]
[Round "3"]
[White "Shelk, Alexander"]
[Black "Khaustov, Vladimir"]
[Result "1-0"]
[WhiteElo "2370"]
[BlackElo "2252"]
[PlyCount "105"]
[EventDate "2007.03.18"]
[EventType "swiss"]
[EventRounds "9"]
[EventCountry "RUS"]
[SourceTitle "EXT 2008"]
[Source "ChessBase"]
[SourceDate "2007.11.25"]
[SourceVersion "1"]
[SourceVersionDate "2007.11.25"]
[SourceQuality "1"]

1. d4 Nf6 2. c4 c5 3. Nf3 g6 4. Nc3 cxd4 5. Nxd4 Bg7 6. g3 Nc6 7. Nc2 d6 8. Bg2 0-0 9. 0-0 Nd7 10. Bd2 a5 11. Na3 Nc5 12. Qc1 Qb6 13. Nab5 Be6 14. Nd5 Bxd5 15. Bxd5 e6 16. Bg2 d5 17. Be3 d4 18. Bh6 Rfd8 19. Bxg7 Kxg7 20. Rd1 e5 21. b3 Rd7 22. Qb2 Re8 23. Rd2 Kg8 24. Rad1 Red8 25. Bh3 f5 26. Bg2 Ne4 27. Bxe4 fxe4 28. Qb1 d3 29. e3 Ne7 30. Nc3 Qc6 31. Qb2 g5 32. Qa3 b6 33. Qa4 Qg6 34. Qb5 Qf5 35. Qxb6 Ng6 36. Qc6 Nh4 37. Qxe4 Nf3+ 38. Kg2 Qxe4 39. Nxe4 Nxd2 40. Rxd2 Kg7 41. Nxg5 Kg6 42. Ne4 Rc7 43. Nc3 Rf7 44. e4 Rd4 45. f3 h5 46. Kf2 h4 47. Ke3 Kh7 48. Nd5 hxg3 49. hxg3 Rg7 50. Nf6+ Kg6 51. Ng4 Rd8 52. Nxe5+ Kf6 53. Nc6 1-0

[Event "Sibiria Region-ch"]
[Site "Russia"]
[Date "2007.03.19"]
[Round "2"]
[White "Khaustov, Vladimir"]
[Black "Nigametzianov, Mikhail"]
[Result "1/2-1/2"]
[WhiteElo "2252"]
[BlackElo "2383"]
[PlyCount "139"]
[EventDate "2007.03.18"]
[EventType "swiss"]
[EventRounds "9"]
[EventCountry "RUS"]
[SourceTitle "EXT 2008"]
[Source "ChessBase"]
[SourceDate "2007.11.25"]
[SourceVersion "1"]
[SourceVersionDate "2007.11.25"]
[SourceQuality "1"]

1. Nf3 Nf6 2. g3 Nc6 3. c4 e5 4. Bg2 Bc5 5. 0-0 d6 6. Nc3 a6 7. a3 0-0 8. d3 h6 9. b4 Ba7 10. Rb1 Re8 11. Ne1 Rb8 12. Nc2 Nd4 13. a4 Bd7 14. a5 Qc8 15. Bd2 Bh3 16. b5 Bxg2 17. Kxg2 Bc5 18. Na4 axb5 19. cxb5 c6 20. Nxd4 exd4 21. b6 Qe6 22. Re1 Nd7 23. Qc2 Qd5+ 24. f3 Re6 25. Nxc5 Nxc5 26. Qc4 Qxc4 27. dxc4 Rbe8 28. Kf2 Kf8 29. Bb4 Na6 30. Bd2 Ke7 31. Ra1 Kd7 32. Ra3 c5 33. e3 Nb4 34. Bxb4 cxb4 35. Rb3 dxe3+ 36. Ke2 Ra8 37. Ra1 Re5 38. Rxb4 Rexa5 39. Rxa5 Rxa5 40. Kxe3 Ra2 41. h4 Kc6 42. Rb5 Ra3+ 43. Ke4 Rc3 44. Rf5 f6 45. Kd4 Rb3 46. g4 Rxb6 47. g5 fxg5 48. hxg5 Rb1 49. gxh6 gxh6 50. Rh5 Rd1+ 51. Ke4 Re1+ 52. Kd4 Rd1+ 53. Ke4 Re1+ 54. Kd4 Re6 55. f4 b6 56. Kd3 Rf6 57. Ke4 Kd7 58. Rb5 Kc7 59. Rh5 Kc6 60. Ke3 Rg6 61. Ke4 Rg1 62. Kd4 Rd1+ 63. Ke4 Ra1 64. Kd4 Ra4 65. Kc3 Ra3+ 66. Kd4 Rf3 67. Ke4 Rf1 68. Ke3 Re1+ 69. Kd4 Re6 70. Kd3 1/2-1/2

[Event "Novosibirsk-ch"]
[Site "Novosibirsk"]
[Date "2007.02.18"]
[Round "5"]
[White "Khaustov, Vladimir"]
[Black "Toropov, Viktor"]
[Result "1-0"]
[WhiteElo "2252"]
[BlackElo "2149"]
[PlyCount "96"]
[EventDate "2007.02.14"]
[EventType "swiss"]
[EventRounds "9"]
[EventCountry "RUS"]
[SourceTitle "EXT 2008"]
[Source "ChessBase"]
[SourceDate "2007.11.25"]
[SourceVersion "1"]
[SourceVersionDate "2007.11.25"]
[SourceQuality "1"]

1. Nf3 e6 2. g3 d5 3. Bg2 Bd6 4. d4 Ne7 5. 0-0 0-0 6. c4 c6 7. b3 Nd7 8. Bb2 f5 9. Qc2 Qe8 10. Nc3 Qh5 11. Qc1 Bc7 12. Ba3 Bd8 13. Qg5 Qf7 14. Qc1 h6 15. Ne1 g5 16. Nd3 Qg7 17. e3 Rf7 18. Bb2 Ng6 19. Ne2 h5 20. f3 Nf6 21. Nf2 g4 22. f4 h4 23. Rd1 Ne4 24. b4 Bd7 25. Nxe4 fxe4 26. a4 Bf6 27. Rb1 Ne7 28. Bc3 Nf5 29. b5 Qh8 30. Kf2 Rh7 31. Rh1 Nd6 32. bxc6 Bxc6 33. cxd5 exd5 34. Bb4 Nf5 35. Qa3 Re8 36. Bc5 a6 37. Bb4 Re6 38. Bc3 Be7 39. Bb4 Bd8 40. Qa2 Kg7 41. Bc3 Qe8 42. Ra1 Reh6 43. Rab1 hxg3+ 44. hxg3 Rh2 45. Rxh2 Rxh2 46. Kg1 Qh5 47. Bd2 Ba5 48. Qb2 Nxg3 1-0

[Event "Novosibirsk-ch"]
[Site "Novosibirsk"]
[Date "2007.02.17"]
[Round "4"]
[White "Pak, Kil En"]
[Black "Khaustov, Vladimir"]
[Result "1/2-1/2"]
[WhiteElo "2263"]
[BlackElo "2252"]
[PlyCount "108"]
[EventDate "2007.02.14"]
[EventType "swiss"]
[EventRounds "9"]
[EventCountry "RUS"]
[SourceTitle "EXT 2008"]
[Source "ChessBase"]
[SourceDate "2007.11.25"]
[SourceVersion "1"]
[SourceVersionDate "2007.11.25"]
[SourceQuality "1"]

1. e4 c5 2. Nf3 e6 3. d4 cxd4 4. Nxd4 Nc6 5. Nc3 Qc7 6. Be2 a6 7. 0-0 Bc5 8. Be3 Nce7 9. Qd2 Nf6 10. a3 d5 11. Nb3 Bd6 12. exd5 Nexd5 13. g3 Nxe3 14. Qxe3 0-0 15. Bf3 Rb8 16. Rfd1 b5 17. Nd4 Bc5 18. Qe2 Bb7 19. Rd3 Rfe8 20. Bxb7 Qxb7 21. Rad1 Bf8 22. Nf3 a5 23. Ne5 b4 24. axb4 axb4 25. Nb1 Nd5 26. c4 bxc3 27. Nxc3 Nf6 28. R1d2 Ra8 29. Qf3 Qxf3 30. Rxf3 Be7 31. Kg2 h6 32. Nc6 Bc5 33. b4 Bb6 34. Rfd3 Ra3 35. Nd5 Rxd3 36. Nxf6+ gxf6 37. Rxd3 Kg7 38. Rd7 Rc8 39. b5 Rc7 40. Rd2 f5 41. f4 Rb7 42. Kf3 f6 43. Ke2 h5 44. Kd1 h4 45. Rb2 hxg3 46. hxg3 Kg6 47. Ke2 Rh7 48. Kf3 Rd7 49. Re2 Kf7 50. Rb2 Rd3+ 51. Kg2 Rd5 52. Rb4 e5 53. fxe5 fxe5 54. g4 fxg4 1/2-1/2

[Event "RUS Summer U16 2nd"]
[Site "Satka"]
[Date "2005.07.05"]
[Round "8"]
[White "Ivanov, Andrew"]
[Black "Khaustov, Vladimir"]
[Result "1-0"]
[WhiteElo "2239"]
[BlackElo "2107"]
[PlyCount "111"]
[EventDate "2005.06.27"]
[EventType "swiss"]
[EventRounds "9"]
[EventCountry "RUS"]
[SourceTitle "CBM 107 Extra"]
[Source "ChessBase"]
[SourceDate "2005.09.01"]
[SourceVersion "1"]
[SourceVersionDate "2005.09.01"]
[SourceQuality "1"]

1. e4 c5 2. Nf3 Nc6 3. Nc3 g6 4. d4 cxd4 5. Nxd4 Bg7 6. Nb3 Nf6 7. Be2 0-0 8. 0-0 d6 9. Bg5 Bd7 10. Kh1 Ne5 11. f4 Neg4 12. Qd2 Qb6 13. Bxg4 Bxg4 14. Bxf6 Bxf6 15. Nd5 Qc6 16. f5 Qc4 17. Nxf6+ exf6 18. Nd4 Rfe8 19. b3 Qc5 20. Rae1 d5 21. h3 Bxh3 22. gxh3 dxe4 23. fxg6 hxg6 24. Rxf6 Qe5 25. Ref1 e3 26. Qd3 Rad8 27. Rxf7 Rd6 28. Qc4 Rd5 29. Rd7 Qe4+ 30. Kg1 Ree5 31. Rxd5 Qxd5 32. Qxd5+ Rxd5 33. c3 Rg5+ 34. Kh2 Ra5 35. a4 Rc5 36. Ne2 b5 37. b4 Rd5 38. axb5 Rxb5 39. Rf3 Re5 40. Kg3 g5 41. Kg4 a5 42. bxa5 Rxa5 43. Rf5 Ra4+ 44. Kf3 Rh4 45. Rxg5+ Kf7 46. Kxe3 Rxh3+ 47. Rg3 Rh4 48. Nd4 Ke8 49. Rg7 Kd8 50. c4 Kc8 51. c5 Rh5 52. c6 Ra5 53. Ke4 Ra1 54. Kd5 Rd1 55. Kc5 Rd2 56. Kb6 1-0

[Event "RUS Summer U16 2nd"]
[Site "Satka"]
[Date "2005.07.03"]
[Round "6"]
[White "Rakhmanov, Alexander"]
[Black "Khaustov, Vladimir"]
[Result "1/2-1/2"]
[WhiteElo "2237"]
[BlackElo "2107"]
[PlyCount "174"]
[EventDate "2005.06.27"]
[EventType "swiss"]
[EventRounds "9"]
[EventCountry "RUS"]
[SourceTitle "CBM 107 Extra"]
[Source "ChessBase"]
[SourceDate "2005.09.01"]
[SourceVersion "1"]
[SourceVersionDate "2005.09.01"]
[SourceQuality "1"]

1. d4 Nf6 2. c4 c5 3. d5 b5 4. cxb5 a6 5. b6 d6 6. Nc3 g6 7. e4 Nbd7 8. Nf3 Bg7 9. Be2 0-0 10. 0-0 Bb7 11. a4 a5 12. Bf4 Nxb6 13. Qc2 Ne8 14. Rad1 Nc7 15. Nd2 Na6 16. Nc4 Nb4 17. Qd2 f5 18. f3 Nd7 19. Be3 Nf6 20. Kh1 Nh5 21. exf5 gxf5 22. f4 Nf6 23. Bf3 Ne8 24. Bf2 Nc7 25. Rfe1 Ba6 26. Nxa5 Bf6 27. Nc6 Qd7 28. Nxb4 cxb4 29. Ne2 Bxe2 30. Rxe2 Qxa4 31. Bd4 Bxd4 32. Qxd4 Nb5 33. Qd3 Rf7 34. Rde1 b3 35. Bh5 Rg7 36. Rxe7 Rxe7 37. Rxe7 Qxf4 38. Re1 Qh4 39. Rf1 Nd4 40. Bd1 Re8 41. Qc3 Nc2 42. Bxc2 bxc2 43. Qxc2 Re1 44. Qxf5 Rxf1+ 45. Qxf1 Qd4 46. b3 Kg7 47. Qe1 Qxd5 48. Qg3+ Kf6 49. h3 Qc5 50. Qf4+ Kg7 51. b4 Qb6 52. Qg5+ Kf7 53. Qd5+ Ke7 54. Qe4+ Kd8 55. Kh2 h6 56. Qh4+ Kc7 57. Qc4+ Kd7 58. h4 Qf2 59. Kh3 Qe3+ 60. g3 Qe1 61. b5 Qh1+ 62. Kg4 Qd1+ 63. Kf4 Qd2+ 64. Ke4 Qe1+ 65. Kf4 Qd2+ 66. Kf5 Qf2+ 67. Kg4 h5+ 68. Kg5 Qxg3+ 69. Kxh5 Qe5+ 70. Kg4 d5 71. Qd3 d4 72. h5 Qe6+ 73. Kf4 Qf6+ 74. Kg4 Qe6+ 75. Kh4 Qf6+ 76. Kh3 Qe6+ 77. Kg3 Qe5+ 78. Kg4 Qe6+ 79. Kf4 Qf6+ 80. Ke4 Qh4+ 81. Kd5 Qxh5+ 82. Kxd4 Kc7 83. Qc3+ Kb8 84. Qg3+ Kb7 85. Qg2+ Kb8 86. Kc4 Qf7+ 87. Kc3 Qc7+ 1/2-1/2